000 00643nam a2200193 i 4500
001 57974
003 ES-MaACL
005 20231227200019.0
007 t|
008 031020s1947 sp ||||1| spa d
100 1 _aDuclós, Francisco.
_945842
245 1 3 _aLa enferma de corazón embarazada
_b: estudio clínico /
_cFrancisco Duclós ; prólogo de C. Jiménez Díaz.
250 _a[1ª ed.].
260 _aMadrid :
_bAfrodisio Aguado,
_c[1947] (
_eSevilla :
_fImprenta Provincial)
300 _a156 p. ;
_c22 cm.
700 1 _aJiménez Díaz, Carlos,
_d1898-1967
_966515
852 _aES-MaACL
_jC-5357
_bR.25430
999 _c57974
_d57974